| 000 | 00389pab a2200157 454500 | ||
|---|---|---|---|
| 008 | 180718b1997 xxu||||| |||| 00| 0 eng d | ||
| 100 | _aAaron, Henry J. | ||
| 245 | _aSocial insurance works: fix it, don't scrap it | ||
| 260 | _c1997 | ||
| 300 | _ap.11-16 | ||
| 362 | _aSummer | ||
| 650 | _aInsurance, Social | ||
| 650 | _aSocial security | ||
| 773 | _aPublic Manager | ||
| 909 | _a35673 | ||
| 999 |
_c35673 _d35673 |
||